01378nam a2200301Ia 4500001001200000003000800012006001900020007001500039008004100054020001800095020001500113040002100128035002100149050002700170100002100197245014700218250001300365260005800378300005700436500009800493504006600591533015200657650006400809650003100873655002900904710001700933856012600950ebr10288332CaPaEBRm u cr cn|||||||||081011s2009 enkabfg sb 001 0 eng d z9780195378276 z019537827X aCaPaEBRcCaPaEBR a(OCoLC)64680974014aML290.8.F45bL6 2009eb1 aLockwood, Lewis.10aMusic in Renaissance Ferrara, 1400-1505h[electronic resource] :bthe creation of a musical center in the fifteenth century /cLewis Lockwood. aPbk. ed. aOxford ;aNew York :bOxford University Press,c2009. axxvii, 393 p., [9] p. of plates :bill., map, music. aOriginally published : Cambridge, Mass. : Harvard University Press, 1984. With a new preface. aIncludes bibliographical references (p. [363]-381) and index. aElectronic reproduction.bPalo Alto, Calif. :cebrary,d2009.nAvailable via World Wide Web.nAccess may be limited to ebrary affiliated libraries. 0aMusiczItalyzFerraray15th centuryxHistory and criticism. 0aMusicianszItalyzFerrara. 7aElectronic books.2local2 aebrary, Inc.40uhttp://site.ebrary.com/lib/rucke/Doc?id=10288332zAn electronic book accessible through the World Wide Web; click to view